| 000 | 00609cam a2200145ua 4500 | ||
|---|---|---|---|
| 041 |
_aeng _h |
||
| 082 |
_a334.1 _bMIN/OU |
||
| 110 | 1 |
_aMinistry of community development . _b _c() |
|
| 245 | _aOur co-operative education programme | ||
| 260 |
_a : _bMinistry of community development and co-operation , _c1962. |
||
| 300 | _a20 ; . | ||
| 504 | _a | ||
| 942 | _cBK | ||
| 999 |
_c10972 _d10972 |
||